| 000 | 01173nam a2200241 i 4500 | ||
|---|---|---|---|
| 001 | 177880 | ||
| 003 | ES-MaACL | ||
| 005 | 20251220171945.0 | ||
| 008 | 110504s1960 mx ad |||| | spa d | ||
| 080 | _a001.94 | ||
| 100 | 1 |
_aHuang, Su-Shu. _9146363 |
|
| 245 | 1 | 0 |
_aSobre la vida en otros sistemas planetarios / _cHuang Su-Shu, Frank D. Drake. |
| 260 |
_aMéxico : _bUniversidad Nacional de México, _c1960. |
||
| 300 |
_ap. 11-44 : _bgráf. ; _c21 cm. |
||
| 490 | 1 |
_aSeminario de Problemas Científicos y Filosóficos. Suplemento ; _v2ª serie ; _v22 |
|
| 505 | 8 |
_aContiene: ; _tLa existencia de la vida en el universo / _rHuang Su-shu. -- _t¿Cómo podemos detectar las transmisiones de radio provenientes de sistemas planetarios lejanos? / _rFrank D. Drake. -- _tLa vida fuera del sistema solar / _rHuang Su-shu |
|
| 650 | 0 | 7 |
_aVida en otros planetas _2embne _917792 |
| 700 | 1 |
_aDrake, Frank D. _9146364 |
|
| 710 | 2 |
_aUniversidad Nacional Autónoma de México. _97397 |
|
| 830 | 0 |
_aSeminario de Problemas Científicos y Filosóficos. Suplementos _v2ª serie ; _v22 _9190619 |
|
| 852 |
_aES-MaACL _j2297-F-29 _xOlim P-902 |
||
| 999 |
_c177880 _d177880 |
||